| 000 | 01282cam a2200313 i 4500 | ||
|---|---|---|---|
| 001 | 3506632 | ||
| 003 | EG-ScBUE | ||
| 005 | 20241215101932.0 | ||
| 008 | 950628s1996 enka f b 001 0 eng d | ||
| 020 | _a0521403936 | ||
| 020 | _a9780521403931 | ||
| 040 |
_aDLC _beng _erda _cDLC _dDLC _dEG-ScBUE |
||
| 082 | 0 | 4 |
_a522.6209 _222 _bHEA |
| 100 | 1 |
_aHearnshaw, J. B., _eauthor. |
|
| 245 | 1 | 4 |
_aThe measurement of starlight : _btwo centuries of astronomical photometry / _cJ.B. Hearnshaw. |
| 264 | 1 |
_aCambridge ; _aNew York : _bCambridge University Press, _c1996. |
|
| 300 |
_axiv, 511 pages : _billustrations ; _c24 cm |
||
| 336 |
_2rdacontent _atext _btxt |
||
| 337 |
_aunmediated _2rdamedia _bn |
||
| 338 |
_avolume _bnc _2rdacarrier |
||
| 504 | _aIncludes bibliographical references and index. | ||
| 650 | 7 |
_aAstronomical photometry _xHistory. _2BUEsh |
|
| 650 | 7 |
_aStars _xPhotographic measurements _xHistory. _2BUEsh |
|
| 655 | _vReading book | ||
| 856 | 4 | 2 |
_3Publisher description _uhttp://www.loc.gov/catdir/description/cam027/95034046.html |
| 856 | 4 | 1 |
_3Table of contents _uhttp://www.loc.gov/catdir/toc/cam021/95034046.html |
| 942 |
_2ddc _cBB |
||
| 999 |
_c10543 _d10543 |
||